[Event "Aarhus Festuge GM 2018"]
[Site "Aarhus"]
[Date "2018.09.11"]
[Round "4"]
[White "Pajeken, Jakob Leon"]
[Black "Antonsen, Mikkel"]
[Result "1-0"]
[WhiteElo "2337"]
[BlackElo "2434"]
[Annotator "ChessBase"]
[PlyCount "47"]
[EventDate "2018.09.08"]
[EventType "tourn"]
[EventCountry "DEN"]
[SourceTitle "playchess.com"]
[Source "ChessBase"]
[SourceQuality "1"]
[TimeControl "40/5400+30:1800+30"]

1. d4 {[%emt 0:00:00]} d5 {[%emt 0:00:00]} 2. Bf4 {[%emt 0:00:00]} Nf6 {[%emt 0:00:00]} 3. e3 {[%emt 0:00:00]} e6 {[%emt 0:00:00]} 4. Nd2 {[%emt 0:00:00]} c5 {[%emt 0:00:07]} 5. c3 {[%emt 0:00:06]} Nc6 {[%emt 0:00:05]} 6. Ngf3 {[%emt 0:00:11]} Bd6 {[%emt 0:00:38]} 7. Bg3 {[%emt 0:00:07]} O-O {[%emt 0:00:24]} 8. Bd3 {[%emt 0:00:14]} b6 {[%emt 0:00:13]} 9. Qe2 {[%emt 0:00:09]} Bb7 {[%emt 0:00:43]} 10. Rd1 {[%emt 0:00:07]} c4 {[%emt 0:16:01]} 11. Bb1 {[%emt 0:01:56]} b5 {[%emt 0:00:05]} 12. e4 {[%emt 0:11:02]} Be7 {[%emt 0:00:17]} 13. e5 {[%emt 0:05:54]} Nh5 {[%emt 0:00:07]} 14. Nf1 {[%emt 0:06:11]} g6 {[%emt 0:07:47]} 15. h4 {[%emt 0:10:30]} f5 {[%emt 0:13:12]} 16. exf6 {[%emt 0:01:51]} Rxf6 {[%emt 0:00:08]} 17. Ng5 {[%emt 0:02:02]} Nxg3 {[%emt 0:22:06]} 18. Nxg3 {[%emt 0:00:22]} Bd6 {[%emt 0:04:26]} 19. h5 {[%emt 0:06:14]} Bxg3 {[%emt 0:06:10]} 20. fxg3 {[%emt 0:00:10]} Qc7 {[%emt 0:04:13]} 21. Qg4 {[%emt 0:09:02]} h6 {[%emt 0:00:06]} 22. hxg6 {[%emt 0:03:35]} hxg5 {[%emt 0:00:07]} 23. Rh7 {[%emt 0:00:15]} Qg7 {[%emt 0:02:42]} 24. Qh5 {[%emt 0:01:46]} 1-0

[Event "Aarhus Festuge GM 2018"]
[Site "Aarhus"]
[Date "2018.09.11"]
[Round "4"]
[White "Grove, Peter"]
[Black "Matthiesen, Martin"]
[Result "1-0"]
[WhiteElo "2206"]
[BlackElo "2275"]
[Annotator "TA"]
[PlyCount "144"]
[EventDate "2018.09.08"]
[EventType "tourn"]
[EventCountry "DEN"]
[SourceTitle "playchess.com"]
[Source "ChessBase"]
[SourceQuality "1"]

{[%evp 23,144,10,12,0,0,-16,-19,-19,-19,-24,-16,-48,-45,-33,-36,-54,-57,-73,-45,-77,-70,-70,-70,-69,-69,-69,-69,-70,-70,-70,-76,-69,-64,-76,-65,-91,-99,-95,-88,-91,-85,-145,-158,-136,-97,-218,-218,-218,-218,-218,-218,-225,-218,-218,-210,-210,-210,-218,-210,-210,-210,-208,-196,-196,-193,-532,-547,-532,-531,-524,-525,-525,-524,-518,-517,-517,-517,-517,-517,-517,-475,-517,-517,-502,-496,-415,-424,-526,-525,-782,-673,-491,-481,-790,-841,-29970,-4133,-29977,-29978,-29977,-29979,-29982,-29983,-29986,-29987,-29988,-29989,-29989,-29984,-29984,-29985,-29985,-29984,-29984,-29985,-29985,-29984,-29986,-29987,-29987,-29988,-29988,-29984]} 1. d4 Nf6 2. c4 g6 3. Nc3 Bg7 4. e4 d6 5. Nf3 O-O 6. Be2 e5 7. O-O Nc6 8. dxe5 dxe5 9. Bg5 Bg4 {E97: King's Indian: Classical Main Line (6...e5 7 0-0 Nc6): 8 Be3 and 8 d5 Ne7, not 9 Ne1} 10. Qxd8 Nxd8 11. Bxf6 Bxf6 12. Nd5 Bxf3 {LiveBook: 3 Games} 13. Bxf3 (13. gxf3 Kg7 14. Nxc7 Rc8 15. Nd5 Ne6 16. Rfc1 Nd4 17. Kf1 {½-½ (42) Meier,G (2638)-Saric,I (2690) Linares 2018}) 13... Bg5 14. Nxc7 Rc8 15. Nb5 Rxc4 16. Nxa7 Rb4 $146 ({Predecessor:} 16... Ne6 17. Nb5 Rb4 18. Na3 {½-½ (18) Urban,K (2456)-Kantans,T (2345) Police 2011}) 17. a4 Ne6 18. Nb5 Ra8 19. Nc3 Rxb2 20. Rfb1 Rxb1+ 21. Nxb1 Nc5 22. Nc3 Bd2 23. Nb5 Rxa4 24. Rxa4 Nxa4 $15 {[%mdl 4096] Endgame KBN-KBN} 25. Nd6 Nc5 26. Be2 Kf8 27. Bc4 Ke7 28. Nxf7 b5 29. Nxe5 bxc4 30. Nxc4 Bc3 ({Worse is} 30... Nxe4 31. f3 $14) 31. f3 Bd4+ 32. Kh1 (32. Kf1 $142) 32... Kf6 33. g3 Nd3 {...g5 is the strong threat.} 34. f4 (34. h4 $17) 34... Nf2+ $19 35. Kg2 Nxe4 36. Kf3 Nc3 37. Nd6 Bc5 38. Nc4 Bg1 39. h3 Ba7 40. Ne5 Nd5 41. Nc4 Bb8 42. Nd2 Kf5 43. Ne4 h6 {[%cal Bh7h6,Bh6h5][%mdl 32]} 44. h4 $2 (44. Nc5 {is more resistant.} Bc7 45. Nb3) 44... h5 45. Nc5 Nf6 46. Nb3 {[%cal Rb3d4] [#]} Ba7 47. Nd2 Bb6 48. Nc4 Bc5 49. Ne5 Ng4 50. Nd3 Bd4 51. Nb4 Nh6 52. Nc6 Bf6 53. Nb4 Ke6 54. Nd3 Nf5 55. Ne1 Kd5 56. Ng2 Nd4+ 57. Ke3 Bd8 58. Kf2 (58. Ne1 $142) 58... Ke4 59. g4 Bc7 (59... Bb6 $142 60. Kg3 Nf3 61. f5 gxf5 62. gxf5 Bd4 63. f6 Bxf6 64. Kf2 Bxh4+ 65. Kf1 Bg3 66. Ke2 Nd4+ 67. Kd2 Kf3 68. Ne1+ Bxe1+ 69. Kxe1 h4 70. Kd2 h3 71. Kd3 Ne2 72. Kc4 h2 73. Kd5 h1=Q 74. Kd6 Qh6+ 75. Kd7 Nf4 76. Ke7 Nd5+ 77. Kf7 Qf6+ 78. Kg8 Ne7+ 79. Kh7 Qg6+ 80. Kh8 Qh6#) 60. Kg3 Bb8 {Black mates.} 61. gxh5 gxh5 62. Kh3 Bxf4 63. Ne1 Bd2 64. Ng2 Kf3 65. Kh2 Kg4 66. Kg1 Kg3 67. Kh1 Nc2 68. Kg1 Kf3 69. Kh2 Be1 70. Kg1 Bg3 71. Kh1 Nd4 72. Kg1 Nf5 {[%mdl 32768] Precision: White = 43%, Black = 76%. . Loss on Time!?} 1-0

[Event "Aarhus Festuge GM 2018"]
[Site "Aarhus"]
[Date "2018.09.12"]
[Round "5"]
[White "Chatalbashev, Boris"]
[Black "Grove, Peter"]
[Result "1-0"]
[WhiteElo "2546"]
[BlackElo "2206"]
[Annotator "TA"]
[PlyCount "45"]
[EventDate "2018.09.08"]
[EventType "tourn"]
[EventCountry "DEN"]
[SourceTitle "playchess.com"]
[Source "ChessBase"]
[SourceQuality "1"]

{[%evp 10,45,73,61,66,70,84,45,52,52,46,42,42,40,42,47,36,47,40,38,125,121,181,177,170,130,144,133,131,121,111,-13,123,52,218,218,29995,29996]} 1. d4 Nf6 2. Nf3 c5 3. d5 b5 4. Bg5 Ne4 5. Bh4 Qa5+ 6. Nbd2 {LiveBook: 13 Games} g6 {A43: Schmid Benoni} (6... Bb7 7. a4 Nxd2 8. Nxd2 Qb4 9. e4 a6 10. axb5 Qxb2 11. bxa6 Bxa6 12. Bxa6 Nxa6 13. O-O g5 14. Bxg5 {1-0 (23) Jones,G (2643)-Chapman,T (2308) Torquay 2013}) 7. c3 Nxd2 8. Qxd2 Bg7 {White is slightly better.} 9. e4 b4 $146 {[%cal Rb4c3]} ({Predecessor:} 9... d6 10. Bd3 b4 11. c4 Qc7 12. h3 O-O 13. O-O {½-½ (46) Maharramzade,J (2422)-Perez Candelario,M (2236) Linares 2000}) 10. cxb4 Qxb4 11. Qxb4 $40 {[%mdl 128] White mounts an attack.} cxb4 12. Rc1 {[%cal Rc1c8]} O-O 13. Bxe7 Re8 14. Bxb4 Bxb2 {[#]} (14... Rxe4+ $14 15. Kd1 Bb7) 15. Rc2 $1 $16 {[%cal Rc2b2]} Rxe4+ (15... Bg7 $16) 16. Kd1 $18 Rxb4 17. Rxc8+ Kg7 18. Bc4 a5 19. Re1 Ra7 20. g4 (20. Re7 $16) 20... h6 (20... d6 $11 {remains equal.}) 21. Ree8 (21. Re7 $16) 21... Nc6 $2 {[#]} (21... Rab7 $1 $14) 22. Nd2 $1 ({Less strong is} 22. dxc6 Rxc4 23. Re7 Bf6 $14) 22... Ne5 $2 (22... Bc3 $18) 23. Rg8+ {Precision: White = 67%, Black = 37%.} 1-0

[Event "Aarhus Festuge GM 2018"]
[Site "Aarhus"]
[Date "2018.09.12"]
[Round "5"]
[White "Antonsen, Mikkel"]
[Black "Kotronias, Vasilios"]
[Result "1/2-1/2"]
[WhiteElo "2434"]
[BlackElo "2505"]
[Annotator "TA"]
[PlyCount "122"]
[EventDate "2018.09.08"]
[EventType "tourn"]
[EventCountry "DEN"]
[SourceTitle "playchess.com"]
[Source "ChessBase"]
[SourceQuality "1"]

{[%evp 18,122,49,46,60,46,43,38,44,14,41,18,11,7,31,-8,36,-10,0,0,-9,-36,-43,-79,-74,-108,-103,-104,-89,-72,-56,-89,-104,-95,-21,-21,-21,-21,-21,-21,-23,-27,0,0,16,-12,0,-53,-50,-48,-48,-57,-57,-111,-113,-167,-174,-149,-31,-29,-26,-22,-13,-13,-8,-8,-8,-8,-8,-10,0,0,0,-59,-14,-22,-14,-60,-15,-61,-69,-69,-52,-136,-109,-128,0,-37,-27,-37,-8,-8,-8,-8,0,0,0,0,0,0,0,0,0,0,0,0,0]} 1. d4 Nf6 2. c4 g6 3. Nc3 Bg7 4. e4 d6 5. h3 O-O 6. Be3 c5 7. Nf3 cxd4 8. Nxd4 b6 {E90: King's Indian: Classical: Early deviations and 6 h3} 9. Qd2 Bb7 10. f3 {LiveBook: 10 Games} Nh5 {White is slightly better.} 11. O-O-O $146 ({Predecessor:} 11. h4 e6 12. Rh3 d5 13. cxd5 exd5 14. g4 Nf6 15. e5 Nfd7 16. f4 {1-0 (27) Grandelius,N (2668)-Hagen,A (2383) Helsingor 2018}) 11... Ng3 12. Rg1 Nd7 13. Bh6 Bxh6 14. Qxh6 Rc8 15. Bd3 Ne5 16. Kb1 e6 17. h4 Nxd3 18. Rxd3 Rxc4 19. h5 {Hoping for hxg6.} Qh4 {[%cal Rg3e4]} 20. Qe3 Qxh5 21. Ndb5 Ba6 $1 {[%cal Ra6b5]} 22. Nxd6 Rxc3 23. Rxc3 {Rd1 is the strong threat.} Ne2 {And now ...Qh2 would win.} 24. Rd1 Nxc3+ 25. Qxc3 Qc5 (25... Qg5 $1 $17) 26. Qxc5 $11 bxc5 {[%mdl 4096] Endgame KRB-KRN} 27. e5 Rd8 28. Kc2 h5 29. f4 Kf8 30. g3 Be2 31. Rd2 Bf3 32. Kc3 ({White should play} 32. Rd3 $11 Bd5 33. Ra3) 32... Bd5 $1 $15 33. Ne4 Ke7 34. Nxc5 g5 35. Nd3 (35. b3 $15) 35... Rg8 $17 36. Rh2 {[#]} (36. Kd4 $17) 36... h4 $1 $19 ({Don't play} 36... Bxa2 $6 37. Rxh5 gxf4 38. gxf4 $11) 37. g4 gxf4 ({Resist} 37... Bxa2 38. fxg5 Bb1 39. Rxh4 $15) ({Black should try} 37... Rc8+ $17 38. Kd2 f6) 38. Rxh4 $15 f3 39. b3 Rd8 40. g5 Rg8 41. Rg4 $1 Rh8 42. g6 fxg6 43. Rxg6 Rh4 44. Rg7+ Ke8 45. Rg1 (45. Rxa7 $11 Rh5 46. Kd2) 45... Rh2 46. a4 a5 47. Rf1 Kd7 48. Rf2 Rh4 49. Rc2 Kc6 50. Rb2 {[#]} (50. Rd2 $15) 50... Be4 $1 $17 51. Nf2 Bd5 ({Better is} 51... Kd5 $17 52. b4 Bf5) 52. Nd3 $15 Re4 53. b4 Rc4+ 54. Kd2 {The position is equal.} Be4 {White must now prevent ...Bf5.} 55. bxa5 Rxa4 56. Rb6+ Kc7 57. Rxe6 Rd4 58. Ke3 Bxd3 59. Kxd4 f2 60. Rf6 f1=Q 61. Rxf1 Bxf1 {Precision: White = 51%, Black = 52%.} 1/2-1/2

[Event "Aarhus Festuge GM 2018"]
[Site "Aarhus"]
[Date "2018.09.12"]
[Round "5"]
[White "Skytte, Rasmus"]
[Black "Pajeken, Jakob Leon"]
[Result "1-0"]
[WhiteElo "2372"]
[BlackElo "2337"]
[Annotator "TA"]
[PlyCount "185"]
[EventDate "2018.09.08"]
[EventType "tourn"]
[EventCountry "DEN"]
[SourceTitle "playchess.com"]
[Source "ChessBase"]
[SourceQuality "1"]

{[%evp 20,185,37,31,57,45,66,65,73,66,138,123,122,20,25,39,31,22,21,23,29,13,7,8,8,5,5,5,5,6,7,-33,-27,-27,-27,-26,-12,-21,213,211,303,297,292,212,207,187,191,187,187,187,187,187,202,187,187,187,187,187,187,187,187,187,187,187,187,187,187,0,187,187,193,194,187,187,187,172,172,172,187,179,187,179,179,179,179,172,179,176,179,180,187,187,187,187,185,187,172,172,172,172,172,172,818,172,172,172,218,206,201,0,172,172,172,172,172,172,172,172,172,172,172,172,172,172,172,172,172,172,1048,953,1077,1043,29963,29964,29964,29965,29958,29960,29965,29967,29966,29966,29968,29966,29969,29969,29969,29970,29969,29971,29972,29972,29973,29974,29975,29976,29975,29977,29977,29978,29978,29979,29979,29980,29982,29981,29981,29982]} 1. Nf3 d5 2. c4 e6 3. g3 g6 4. Bg2 Bg7 5. O-O Ne7 6. d4 O-O 7. Nc3 Nbc6 8. e3 b6 9. cxd5 exd5 10. a3 a5 11. b3 {LiveBook: 4 Games. A13: English Opening: 1...e6} Ba6 12. Re1 Qd6 13. Bb2 {[#] White is slightly better.} Rad8 $146 ({Predecessor:} 13... h6 14. Qc2 Rac8 15. e4 Bb7 16. Rad1 Rfe8 {1-0 (28) Bischoff,K (2530)-Khenkin,I (2575) Recklinghausen 1996}) 14. Qc2 b5 (14... Bc8 $14) 15. e4 $16 b4 16. Nxd5 (16. e5 $16 Qd7 17. Na4) 16... Nxd5 $11 17. exd5 Qxd5 18. Rac1 bxa3 19. Bxa3 Nb4 20. Bxb4 axb4 21. Ne5 Qd6 $1 22. Qxc7 Qxc7 23. Rxc7 {next Nc6 is good for White.} Rxd4 24. Nc6 $36 {[%mdl 2048] White fights for an advantage.} Rd2 25. Nxb4 Bd4 26. Kh1 Bxf2 27. Rec1 Be2 {Hoping for ...Rfd8.} 28. Nd5 {[#] Black must now prevent R7c2.} Rd8 $2 (28... Bd4 $11) 29. R7c2 $18 Rxc2 (29... Be1 {was worth a try.}) 30. Rxc2 Bd1 31. Rxf2 Bxb3 32. Nf6+ Kg7 {Black wants to play ...Rd1+.} 33. h3 Be6 34. Kh2 h6 35. g4 Rb8 36. Bd5 Bxd5 37. Nxd5 {[%mdl 4096] Endgame KRN-KR} Rb5 38. Nf6 {Strongly threatening Ne8+.} Rb6 39. Ne4 Re6 40. Ng3 Re5 41. Kg2 Ra5 42. Re2 Kf6 43. Rf2+ Kg7 $1 44. Ne4 Re5 45. Nd6 Re7 46. h4 Rd7 47. Ne8+ Kf8 48. Nf6 Ra7 49. Re2 Ra5 50. Kg3 Kg7 51. Ne8+ Kf8 52. Nd6 Rd5 53. Re8+ Kg7 54. Rd8 Ra5 55. Rd7 Ra3+ 56. Kf4 Ra4+ 57. Ne4 Ra5 58. g5 Rf5+ 59. Ke3 hxg5 60. hxg5 Rf1 $2 (60... Rb5 61. Rc7 Rf5) 61. Rd8 $2 (61. Nd6 Kg8 62. Ne4) 61... Rf5 62. Ra8 Rf1 63. Nd6 Rg1 64. Ne4 Rf1 $1 65. Kd4 Rf5 66. Rb8 Ra5 67. Rc8 Rf5 68. Rd8 Ra5 69. Rd5 Ra7 70. Nf6 Ra1 71. Ke5 Ra6 72. Rc5 Re6+ 73. Kd5 {Threatens to win with Kd4.} Ra6 $2 (73... Re1 74. Ne4 Rg1) 74. Ne8+ Kf8 75. Nd6 Ra1 {[#]} 76. Rc8+ $1 {White mates.} Ke7 77. Rc7+ Kd8 78. Rxf7 Ra5+ 79. Ke6 {[%csl Ge6][%cal Rf7d7]} Re5+ 80. Kf6 Re6+ 81. Kg7 Rxd6 {KR-KR} 82. Rf8+ Ke7 83. Rf6 Rd5 84. Kxg6 Ke8 85. Kh6 Ke7 86. Rf2 Rd8 87. g6 {[%cal Bg5g6,Bg6g7][%mdl 32]} Rh8+ 88. Kg7 Rh1 89. Re2+ Kd7 90. Kg8 Rg1 91. g7 Rg4 92. Rh2 Ke7 93. Kh8 {Precision: White = 65%, Black = 53%.} 1-0

[Event "Aarhus Festuge GM 2018"]
[Site "Aarhus"]
[Date "2018.09.12"]
[Round "5"]
[White "Olsen, Filip Boe"]
[Black "Zumsande, Martin"]
[Result "0-1"]
[WhiteElo "2354"]
[BlackElo "2458"]
[Annotator "TA"]
[PlyCount "140"]
[EventDate "2018.09.08"]
[EventType "tourn"]
[EventCountry "DEN"]
[SourceTitle "playchess.com"]
[Source "ChessBase"]
[SourceQuality "1"]

{[%evp 18,140,0,-9,-4,-27,18,19,27,0,41,14,34,0,34,26,36,42,83,67,69,0,69,0,69,69,68,0,0,0,0,0,0,0,51,29,70,64,78,-23,-28,-35,-4,-95,-102,-154,-154,-158,-158,-158,-158,-174,-181,-179,-166,-138,-139,-186,-145,-182,-120,-371,-369,-468,-52,-111,-67,-55,-63,-83,-82,-116,-64,-71,-70,-111,-58,-58,-58,-59,-65,-105,-30,-30,-29,-30,-36,-37,-37,-38,-39,-79,-79,-114,-114,-531,-213,-213,-213,-213,-213,-213,-213,-213,-213,-414,-228,-228,-213,-195,-36,-36,-36,-687,-669,-4978,-1380,-29979,-29980,-29976,-29977,-29982,-29983,-29989,-29990]} 1. d4 d5 2. c4 c6 3. Nf3 Nf6 4. Qc2 dxc4 5. e4 (5. Qxc4 Bf5 6. g3 e6 7. Bg2 Be7 8. O-O O-O 9. e3 Nbd7 10. Qe2 Qa5 11. Nc3 Ne4 12. Bd2 Nxd2 13. Nxd2 Rfd8 14. Rfd1 Rac8 15. e4 Bg6 {½-½ (25) Bu,X (2725)-Shankland,S (2671) Liaocheng 2018}) 5... b5 6. b3 {D11: Slav Defence: 3 Nf3 sidelines and 3...Nf6 4 e3 Bg4} cxb3 7. axb3 e6 8. Bd2 a5 9. Bd3 Be7 10. O-O {LiveBook: 17 Games} Bb7 11. Rc1 Nbd7 $146 ({Predecessor:} 11... h6 12. Nc3 b4 {½-½ (31) Van der Stricht,G (2368)-Hoffmeister,F (2165) Charleroi 2016}) 12. Nc3 b4 13. Na4 $1 h6 14. Bf4 {[%mdl 1024] White has compensation.} O-O 15. Qe2 {With the idea e5.} Re8 (15... c5 $5) 16. Ra2 Bf8 17. h3 g6 18. Rd2 Qe7 19. Ra2 Qd8 $1 20. Rd2 Qe7 $1 21. Qe3 Kh7 22. Nc5 (22. Rdc2 $14) 22... Nxc5 $11 23. dxc5 Red8 24. Bd6 Qe8 $1 25. Bc4 Bg7 (25... Bxd6 $1 $11 26. Rxd6 (26. cxd6 c5 $11) 26... Rxd6 27. cxd6 Nd7) 26. Rcd1 a4 27. bxa4 Rxa4 28. Bc7 (28. Bb3 $16 Ra5 29. Rd4) 28... Rxd2 29. Nxd2 Qa8 30. Nb3 (30. Qf3 $1 $11 {remains equal.}) 30... Ba6 $17 31. Qe2 (31. Bxa6 $142 Qxa6 32. Bd8) 31... Bxc4 32. Qxc4 Qa6 $36 {[%mdl 2048] Keeping White busy.} 33. Qxa6 Rxa6 34. f3 Ra3 35. Rb1 Nd7 36. Kf1 Bc3 37. Ke2 Ra2+ 38. Kf1 Ne5 (38... f5 $19 {And now ...fxe4 would win.} 39. exf5 gxf5) 39. Na5 $2 {[%mdl 8192]} (39. Bxe5 $17 Bxe5 40. Nc1) 39... Nd3 $19 40. Nxc6 Rf2+ $2 (40... b3 $1 $19 {and Black stays clearly on top.} 41. Be5 (41. Rxb3 $2 Ra1+ 42. Ke2 Nc1+ 43. Kf2 Nxb3 $19) 41... Nxe5 42. Rxb3 Ra1+ 43. Ke2 Re1+ 44. Kf2 Nd3+ 45. Kg3 Rc1) 41. Kg1 $17 Rc2 42. Ba5 {[%cal Rc6b4]} Nf4 43. Bxb4 Rxg2+ 44. Kh1 Rc2 (44... Bf6 $17 {Threatens to win with ...Rf2.} 45. Rd1 Rf2) 45. Bxc3 $15 Rxc3 {[%mdl 4096] Endgame KRN-KRN} 46. Nd8 Rxc5 ({Much worse is} 46... Rxf3 $6 47. Rb7 $11) (46... g5 $1 $17 47. c6 Kg6) 47. Rb7 $1 {[%cal Rb7f7]} g5 48. Rxf7+ Kg6 {...Kh5 is the strong threat.} 49. Rxf4 {KRN-KR} Rc1+ ({Better is} 49... gxf4 $17 50. Nxe6 Rc6 51. Nxf4+ Kg5) 50. Kg2 $11 Rc2+ 51. Kf1 $1 {Black must now prevent Rf8.} gxf4 52. Nxe6 {KR-KN} Kh5 53. Nxf4+ Kh4 54. e5 Kg5 $1 {[%cal Rg5f4]} 55. Ne6+ Kg6 $1 56. f4 $2 {[%mdl 8192]} (56. Nf4+ $17 {is more resistant.} Kf5 57. Ng2) 56... Rc4 (56... Rc1+ $142 57. Ke2 Kf5 58. Nd4+ Kxf4) 57. Ke2 $19 Kf5 58. Kd3 Rc8 59. Nd4+ Kxf4 60. e6 {[#]} Re8 $1 61. Ne2+ $2 (61. h4) 61... Ke5 (61... Kf5 $142 62. Nd4+ Kf6) 62. Nd4 Kf6 63. Ke4 {[#]} h5 $2 (63... Re7 $1 $19 {Strongly threatening ...Ra7.} 64. Kd5 Rb7) 64. h4 $15 Rg8 65. Kd5 $2 {[%mdl 8192]} (65. Ne2 $15) 65... Rg4 $19 66. Nc6 {intending e7.} Rxh4 67. Kd6 Re4 {Black mates.} 68. e7 h4 {[%cal Bh5h4,Bh4h3][%mdl 32]} 69. Kd7 h3 70. Nb4 Rxe7+ {Precision: White = 39%, Black = 56%.} 0-1

[Event "Aarhus Festuge GM 2018"]
[Site "Aarhus"]
[Date "2018.09.12"]
[Round "5"]
[White "Matthiesen, Martin"]
[Black "Gritsak, Orest"]
[Result "1/2-1/2"]
[WhiteElo "2275"]
[BlackElo "2450"]
[Annotator "TA"]
[PlyCount "55"]
[EventDate "2018.09.08"]
[EventType "tourn"]
[EventCountry "DEN"]
[SourceTitle "playchess.com"]
[Source "ChessBase"]
[SourceQuality "1"]

{[%evp 29,55,47,47,34,38,30,33,17,36,24,29,10,15,0,10,0,0,0,23,0,10,-39,0,0,5,-21,0,0]} 1. d4 e6 2. c4 Bb4+ 3. Bd2 Bxd2+ 4. Qxd2 Nf6 5. g3 O-O 6. Bg2 d5 7. Nf3 c6 8. O-O Nbd7 9. Rc1 Qe7 10. Qe3 Re8 11. Nbd2 {E11: Bogo-Indian} e5 12. dxe5 Nxe5 13. Nxe5 Qxe5 14. Qxe5 Rxe5 15. cxd5 Nxd5 {LiveBook: 7 Games} 16. e3 Nb6 $146 ({Predecessor:} 16... Bg4 17. h3 Be2 {1-0 (33) Wells,P (2498)-Davies,N (2493) London 2009}) 17. Nb3 Kf8 18. Nc5 Nd7 19. Nd3 Rb5 20. Rc3 a5 21. Rd1 a4 22. Rd2 Ke7 23. f4 Raa5 24. Rdc2 Nf6 25. Nc5 Nd7 {[%cal Rb5c5]} (25... Bf5 $5 {[%cal Rf5c2]} 26. Bf1 (26. e4 Nd5 $15) 26... Bxc2 27. Bxb5 Bg6 $11) 26. Nd3 {The position is equal.} Nf6 27. Nc5 Nd7 {[%cal Rb5c5]} 28. Nd3 {Precision: White = 20%, Black = 58%.} 1/2-1/2

[Event "Aarhus Festuge GM 2018"]
[Site "Aarhus"]
[Date "2018.09.13"]
[Round "6"]
[White "Kotronias, Vasilios"]
[Black "Zumsande, Martin"]
[Result "0-1"]
[WhiteElo "2505"]
[BlackElo "2458"]
[Annotator "TA"]
[PlyCount "100"]
[EventDate "2018.09.08"]
[EventType "tourn"]
[EventCountry "DEN"]
[SourceTitle "playchess.com"]
[Source "ChessBase"]
[SourceQuality "1"]

{[%evp 25,100,17,22,0,39,-6,0,14,4,0,24,28,14,18,32,-205,-201,-186,-182,-202,-83,-125,-17,-15,-58,-63,-55,-103,-69,-49,-39,-300,-27,-31,-32,-32,-26,-43,-39,-442,-427,-827,-800,-896,-895,-863,-805,-829,-802,-948,-1112,-1077,-842,-1007,-750,-672,-620,-620,-573,-676,-659,-697,-697,-677,-641,-683,-666,-804,-772,-717,-783,-938,-992,-1622,-1436,-1506,-1536]} 1. e4 e6 2. d4 d5 3. Nd2 Be7 4. Ngf3 Nf6 5. e5 Nfd7 6. Bd3 c5 7. c3 Nc6 8. O-O a5 9. a4 {C06: French Tarrasch: 3...Nf6 4 e5 Nfd7 5 Bd3 main lines} (9. Re1 cxd4 10. cxd4 Qb6 11. a4 Nxd4 12. Nxd4 Qxd4 13. Nf3 Qb6 14. Be3 Nc5 15. Bb5+ Bd7 16. Nd4 Bxb5 17. Nxb5 O-O 18. Qg4 Rfc8 {0-1 (33) Naroditsky,D (2631)-So,W (2779) ICC INT 2015}) 9... cxd4 10. cxd4 Nb4 11. Bb1 b6 12. Re1 Ba6 13. Nf1 Rc8 {LiveBook: 13 Games} 14. Ra3 Rc6 {[#]} 15. Rae3 $146 ({Predecessor:} 15. Rc3 Qc7 16. Ree3 Nb8 {1-0 (33) Azarov,S (2580)-Salinas Herrera,P (2464) Las Vegas 2015}) 15... Qc7 16. Bd2 b5 17. h4 {[%cal Bh2h4,Bh4g5][%mdl 32]} Nb6 {Threatens to win with ...Nc4.} 18. Ng5 Bxg5 $1 ({Much worse is} 18... bxa4 $6 19. Nxf7 $1 {[%mdl 512]} Rf8 20. Nd6+ $1 {[%mdl 512]} Kd7 21. Bxh7 $16 (21. Qg4 g6 $16)) 19. hxg5 bxa4 {Hoping for ...Nc4.} 20. Nh2 $2 (20. Rh3 $14 {keeps the upper hand.}) 20... Nc4 $1 $19 {[%csl LRb2,LRe3]} 21. Rh3 Nxb2 22. Qg4 {intending g6!} g6 (22... N4d3 $19 23. Rf1 g6) 23. Qf4 Nc2 (23... N2d3 $17 24. Qf6 Rf8 25. Bxb4 Nxb4) 24. Bxc2 $1 $11 Rxc2 25. Rb1 Be2 26. Bc1 Nd3 {[#]} 27. Rxd3 $1 {[%mdl 512]} Bxd3 28. Ng4 $2 {[%mdl 8192] [#]} (28. Ba3 $1 $15 Rc3 29. Bd6 Bxb1 30. Bxc7 Rxc7 31. Ng4) 28... Rc3 $2 ({Black should try} 28... Rxf2 $1 $19 {[%mdl 512]} 29. Qxf2 Bxb1) 29. Nf6+ Ke7 {[#]} 30. Nxd5+ $1 {[%mdl 512]} exd5 31. Qf6+ Kd7 32. e6+ $2 {[%mdl 8192]} (32. Qxf7+ $15 Kc8 33. Qe6+ Qd7 34. Rb8+ $1 {[%mdl 512]} Kxb8 35. Qxd7 Rxc1+ 36. Kh2) 32... fxe6 $19 {Black is clearly winning.} 33. Bf4 {[#]} (33. Qf7+ $142 Kc8 34. Qxe6+ Qd7 {[#]} 35. Rb8+ $1 {[%mdl 512]} Kxb8 36. Qxd7 Rxc1+ 37. Kh2) 33... Qxf4 $1 34. Qxf4 Bxb1 35. Qf7+ Kd6 36. Qf4+ Kc6 37. Qf6 Rc8 38. Qxe6+ Kb7 39. Qxd5+ Kb6 40. Qd6+ R3c6 41. Qa3 Be4 42. Qxa4 Bd5 43. Kh2 R8c7 44. Qa3 Ka6 45. f3 Rd7 46. Qd3+ Bc4 47. Qe4 Rcd6 48. f4 a4 49. Qa8+ Kb5 50. Qb8+ Ka5 {Precision: White = 38%, Black = 44%.} 0-1